Frisian Islands - with a Map - Statistics

General Stats
  • This quiz has been taken 329 times
  • The average score is 10 of 28
Answers on the Map
Answers color-coded by a green-red scale on the quiz's map according to % correct below.
 
Answer Stats
Hinweis Antwort Größe in km² % Correct
West Frisian Islands Texel 161,96
69%
North Frisian Islands Sylt 99,14
64%
West Frisian Islands Ameland 57,57
60%
West Frisian Islands Terschelling 88,10
59%
Frisian Deep Sea Island Heligoland 4,2
58%
West Frisian Islands Schiermonnikoog 39,94
57%
East Frisian Islands Borkum 30,97
53%
West Frisian Islands Vlieland 40,26
53%
East Frisian Islands Juist 16,43
42%
East Frisian Islands Norderney 26,29
40%
East Frisian Islands Spiekeroog 18,25
40%
East Frisian Islands Langeoog 19,67
39%
North Frisian Islands Föhr 82,82
36%
East Frisian Islands Wangerooge 7,94
35%
North Frisian Islands Amrum 20,46
32%
East Frisian Islands Baltrum 6,5
31%
North Frisian Islands Rømø 128,86
29%
North Frisian Islands Pellworm 37,4
27%
Hamburg Wadden Sea New Werk 3,3
24%
North Frisian Islands Hooge 5,78
23%
North Frisian Islands Fanø 55,78
21%
North Frisian Islands Langeneß 9,56
19%
North Frisian Islands Oland 2,01
18%
North Frisian Islands Süderoog 0,62
18%
North Frisian Islands Mandø 7,63
17%
North Frisian Islands Gröde 2,52
16%
North Frisian Islands Nordstrandischmoor 1,9
14%
North Frisian Islands Südfall 0,56
13%
No matching quizzes found
Score Distribution
Percent of People with Each Score
Percentile by Number Answered
Your Score History
You have not taken this quiz